000 01349nam0a2200361 4500
001 RU\NLR\bibl\1297194
005 20260405075155.0
010 _a978-5-17-052759-5
_bАСТ
010 _a978-5-271-20552-1
_bАстрель
_92500
021 _aRU
_b2008-79778
_94633
021 _aRU
_b2008-79782
_94633
035 _a(nilc)IZD\AST\2007\845565
035 _a(NLR Aleph) 001282811
090 _a509870
_c509870
100 _a20081007d2008 |||y0rusy50 ca
101 0 _arus
102 _aRU
105 _ay |||||||||
200 1 _aУроки и перемены
_eповесть
_fЛюдмила Матвеева
210 _aМосква
_cАСТ
_cАстрель
_d2008
215 _a253, [1] с.
_d21
225 1 _aМальчик + девочка =...
686 _a071
_aРоссийская художественная литература для детей и юношества
_2TCC-BG
686 _aШ9(2)62=Р7-4
700 1 _4070
_8rus
_7ca
_aМатвеева
_bЛ. Г.
_cдетский писатель
_f1928-
_gЛюдмила Григорьевна
_3RU\NLR\auth\7726794
_99832
801 0 _aRU
_bЛИБНЕТ
_c20081007
801 1 _aRU
_bЦУНБ Москва
_c20081101
_2rusmarc
801 2 _aRU
_bNLR
_c20081121
_grcr
830 _aCODE_OF_LIBNET\000013916
942 _cBOOK
980 _aNB